书目信息 |
| 题名: |
名枪的历史
|
|
| 作者: | 黄琳 编著 | |
| 分册: | ||
| 出版信息: | 哈尔滨 哈尔滨出版社 2008.02 |
|
| 页数: | 193页 | |
| 开本: | 25cm | |
| 丛书名: | ||
| 单 册: | ||
| 中图分类: | E922.1-091 | |
| 科图分类: | ||
| 主题词: | 枪械--历史--世界 | |
| 电子资源: | ||
| ISBN: | 978-7-80753-192-0 | |
| 000 | 00873nam0 2200253 450 | |
| 001 | 012004218354 | |
| 005 | 20091230084211.82 | |
| 010 | @a978-7-80753-192-0@dCNY38.00 | |
| 100 | @a20080306d2008 em y0chiy0110 ea | |
| 101 | 0 | @achi |
| 102 | @aCN@b230000 | |
| 105 | @aac z 000yy | |
| 106 | @ar | |
| 200 | 1 | @a名枪的历史@9ming qiang de li shi@dHistory of guns@e20款世界经典名枪@f黄琳编著@zeng |
| 210 | @a哈尔滨@c哈尔滨出版社@d2008.02 | |
| 215 | @a193页@c插图,肖像@d25cm | |
| 330 | @a本书介绍了20款世界枪械史上的经典名枪,如:柯尔特左轮手枪、马克沁重机枪、毛瑟98k步枪、格洛克、G36突击步枪等。 | |
| 510 | 1 | @aHistory of guns@zeng |
| 517 | 1 | @a20款世界经典名枪@920 kuan shi jie jing dian ming qiang |
| 606 | 0 | @a枪械@x历史@y世界 |
| 690 | @aE922.1-091@v4 | |
| 701 | 0 | @a黄琳@9huang lin@4编著 |
| 801 | 0 | @aCN@bNLC@c20091230 |
| 905 | @b20798611-16@dE922.1-091@e19@f6 | |
| 名枪的历史=History of guns:20款世界经典名枪/黄琳编著.-哈尔滨:哈尔滨出版社,2008.02 |
| 193页:插图,肖像;25cm |
| ISBN 978-7-80753-192-0:CNY38.00 |
| 本书介绍了20款世界枪械史上的经典名枪,如:柯尔特左轮手枪、马克沁重机枪、毛瑟98k步枪、格洛克、G36突击步枪等。 |
| ● |
| 相关链接 |
|
|
|
|
正题名:名枪的历史
索取号:E922.1-091/19
 
预约/预借
| 序号 | 登录号 | 条形码 | 馆藏地/架位号 | 状态 | 备注 |
| 1 | 798611 | 207986116 | 第一样本阅览室/ [索取号:E922.1-091/19] | 在馆 | |
| 2 | 798612 | 207986125 | 第一借阅区/ [索取号:E922.1-091/19] | 在馆 | |
| 3 | 798613 | 207986134 | 第一借阅区/ [索取号:E922.1-091/19] | 在馆 | |
| 4 | 798614 | 207986143 | 第一借阅区/ [索取号:E922.1-091/19] | 在馆 | |
| 5 | 798615 | 207986152 | 第一借阅区/ [索取号:E922.1-091/19] | 在馆 | |
| 6 | 798616 | 207986161 | 第一借阅区/ [索取号:E922.1-091/19] | 在馆 |